Mestský hotel Bratislava – Slovany
Na minha lista:
| Autor principal: | |
|---|---|
| Outros Autores: | |
| Formato: | Manuscrito Livro |
| Idioma: | eslovaco |
| Publicado em: |
Bratislava
2015
|
| Assuntos: | |
| Acesso em linha: | http://is.stuba.sk/zp/portal_zp.pl?podrobnosti=112132 |
| Tags: |
Sem tags, seja o primeiro a adicionar uma tag!
|
MARC
| LEADER | 00000ntm a22000003a 4500 | ||
|---|---|---|---|
| 001 | stuzp51927 | ||
| 003 | SK-STU | ||
| 005 | 20210309091915.2 | ||
| 007 | ta | ||
| 008 | 150427s2015----xo-----f-mn---000-0-slo-d | ||
| 040 | |a STU |b slo | ||
| 041 | 0 | |a slo | |
| 100 | 1 | |a Višňovský, Peter, |d 1990- |u 051110 |4 aut |U FAD Fakulta architektúry a dizajnu |U FAD Fakulta architektúry |T FA Ústav architektúry obytných budov |X 68338 |U A1110 |Y 392 |7 A000068338 | |
| 242 | 0 | 1 | |a City hotel Bratislava - Slovany |y eng |
| 245 | 1 | 0 | |a Mestský hotel Bratislava – Slovany |
| 260 | |c 2015 |a Bratislava | ||
| 650 | 4 | |a ISTROPOLIS |2 slo | |
| 650 | 4 | |a POTENCIÁL |2 slo | |
| 650 | 4 | |a IKONICKÚ STAVBU |2 slo | |
| 650 | 4 | |a POTENTIAL |2 eng | |
| 650 | 4 | |a ICONIC BUILDING |2 eng | |
| 650 | 4 | |a ISTROPOLIS |2 eng | |
| 700 | 1 | |a Malovaný, Marián, |d 1945- |4 ths |X 4186 |7 A000004186 | |
| 856 | 4 | |u http://is.stuba.sk/zp/portal_zp.pl?podrobnosti=112132 |u https://opac.crzp.sk/?fn=detailBiblioForm&sid=78283B71680DBAF21D42D61D22D4 | |
| SQL | |a stuzp51927 |b DDP |c SLO |d Mestský hotel Bratislava – Slovany |e 68338 |f Višňovský, Peter |g 051110 |h 4186 |i Malovaný, Marian |j 20150604 |k 153 |l 05 |m http://is.stuba.sk/zp/portal_zp.pl?podrobnosti=112132 |n I-ARCH |o 5.1.1. architektúra a urbanizmus | ||